Η οικονομία και o πολίτης

Saved in:
Bibliographic Details
Main Author: Μαρκόπουλος, Ηλίας Γ.
Format: Book
Language:Greek
Published: Αθήνα : Εκδόσεις Σμπίλιας "το οικονομικό", 1991
Subjects:
Tags: Add Tag
No Tags, Be the first to tag this record!

MARC

LEADER 00000nam a2200000 i 4500
001 1/92675
008 991115s1991 gre d
020 |a 960-255-150-X 
035 |l 10054135 
040 |a GR-MY-UA  |b    |e aacr 
041 0 |a gre 
082 0 |a 338.9 
100 1 |a Μαρκόπουλος, Ηλίας Γ. 
245 1 2 |a Η οικονομία και o πολίτης /  |c Ηλία Γ. Μαρκόπουλου 
260 |a Αθήνα :   |b Εκδόσεις Σμπίλιας "το οικονομικό",   |c 1991 
300 |a 277 σ.  |b πιν., σχ. 
650 0 0 |a Economic policy. 
650 0 0 |a Economic development  |x Social aspects. 
650 0 0 |a Banks and banking  |z Europe. 
852 |a INST  |b LESVOS  |e 19991115  |h 338.9 ΜΑΡ  |p 005100022703  |q 005100022703  |t BK  |y 0 
901 |a BIBL1-1999-3 
909 |a Λ  |b 066311 
922 |a 1ΕΛΗ  |b 199906  |c ΚΠΣ/ΤΚ  |d EMVASIS 
950 |a 103-1998-02-16 
970 |z 2000/06/ΟΙΚΟΝΟΜΟΠΟΥΛΟΥ ΧΡΙΣΤΙΝΑ 
970 |a ΤΖΑΦΕΡΗ  |b ΕΥΑΓΓΕΛΙΑ  |z 1999/11/22